[Event "FB1 1920 Rodewischer Schachmiezen - TuR"]
[Site "?"]
[Date "2020.02.15"]
[Round "7.1"]
[White "Antolak, Julia"]
[Black "Bodnaruk, Anastasia"]
[Result "1-0"]
[WhiteElo "2301"]
[BlackElo "2411"]
[PlyCount "53"]
[EventDate "2020.??.??"]

1. e4 c5 2. Nf3 d6 3. d4 cxd4 4. Nxd4 Nf6 5. Nc3 a6 6. Bg5 Nbd7 7. Bc4 Qb6 8.
Bb3 e6 9. Qd2 Be7 10. O-O-O Nc5 11. Rhe1 h6 12. Bh4 O-O 13. Nf3 Rd8 14. g4 Qc6
15. g5 Nfxe4 16. Nxe4 Nxe4 17. Qf4 hxg5 18. Nxg5 Nf6 19. Rg1 Kf8 20. Qg3 Nh5
21. Qg4 Nf6 22. Nxe6+ Bxe6 23. Qxg7+ Ke8 24. Bxe6 fxe6 25. Bxf6 Qc7 26. Qg6+
Kd7 27. Bxe7 1-0

[Event "FB1 1920 Rodewischer Schachmiezen - TuR"]
[Site "?"]
[Date "2020.02.15"]
[Round "7.2"]
[White "Theissl Pokorna, Regina"]
[Black "Utiatskaja, Irina"]
[Result "1/2-1/2"]
[WhiteElo "2312"]
[BlackElo "2143"]
[PlyCount "91"]
[EventDate "2020.??.??"]

1. e4 e5 2. Nf3 Nc6 3. Bb5 Nf6 4. d3 Ne7 5. c3 c6 6. Bc4 Ng6 7. O-O Be7 8. Re1
O-O 9. Bb3 Qc7 10. d4 d6 11. Nbd2 b5 12. a4 a5 13. Nf1 h6 14. Ne3 Re8 15. axb5
cxb5 16. h3 Bb7 17. Nd5 Nxd5 18. exd5 a4 19. Ba2 Bf6 20. dxe5 Bxe5 21. Nxe5
Nxe5 22. Bf4 Ng6 23. Be3 Qd7 24. Qc2 Re7 25. Rad1 Rae8 26. Rd4 f5 27. Red1 Ne5
28. Bb1 Rf8 29. Bf4 Ng6 30. Qd3 Nxf4 31. Rxf4 Re5 32. Ba2 Qe8 33. Kh2 Bc8 34.
c4 bxc4 35. Bxc4 Re4 36. Rxe4 fxe4 37. Qg3 Qe7 38. Re1 Bf5 39. Bb5 Rb8 40. Bxa4
Rxb2 41. Qf4 Qf6 42. Rc1 Ra2 43. Bc6 g5 44. Qe3 Qe5+ 45. Kg1 Ra1 46. Rxa1
1/2-1/2

[Event "FB1 1920 Rodewischer Schachmiezen - TuR"]
[Site "?"]
[Date "2020.02.15"]
[Round "7.3"]
[White "Gosciniak, Maria"]
[Black "Lubbe, Melanie"]
[Result "0-1"]
[WhiteElo "2091"]
[BlackElo "2227"]
[PlyCount "118"]
[EventDate "2020.??.??"]

1. e4 c5 2. Nf3 e6 3. d4 cxd4 4. Nxd4 Nf6 5. Nc3 Nc6 6. Nxc6 bxc6 7. Bd3 e5 8.
O-O Be7 9. Kh1 d6 10. f4 Ng4 11. h3 h5 12. fxe5 Nxe5 13. Bf4 Bg5 14. Bxe5 dxe5
15. Bc4 Qxd1 16. Bxf7+ Ke7 17. Raxd1 Ba6 18. Rf3 Bf4 19. g3 Bg5 20. Bb3 Raf8
21. Rxf8 Rxf8 22. Ba4 Rf6 23. h4 Bh6 24. Kg2 Bc8 25. Rd3 Bg4 26. b4 a6 27. Bb3
Bc1 28. a4 Ba3 29. b5 Bc5 30. bxc6 Rf2+ 31. Kg1 Rxc2+ 32. Kh1 Rc1+ 33. Kg2 Bd4
34. Nd5+ Kd6 35. c7 Kd7 36. a5 Ra1 37. Bc4 Rxa5 38. Rb3 Ra2+ 39. Kf1 Ra1+ 40.
Kg2 Ra2+ 41. Kh1 Ra4 42. Bf1 Ra1 43. Kg2 Ra2+ 44. Kh1 Kd6 45. Bc4 Ra4 46. Bf1
Ra1 47. Kg2 Ra2+ 48. Kh1 a5 49. Bc4 a4 50. Rb6+ Bxb6 51. Bxa2 Bxc7 52. Nc3 Bd7
53. Bf7 Ba5 54. Nxa4 Bxa4 55. Bxh5 Kc5 56. Bg6 Kd4 57. Kg2 Ke3 58. g4 Kf4 59.
Kh3 Bd7 0-1

[Event "FB1 1920 Rodewischer Schachmiezen - TuR"]
[Site "?"]
[Date "2020.02.15"]
[Round "7.4"]
[White "Movsesian, Julia"]
[Black "Brandt, Carina"]
[Result "1-0"]
[WhiteElo "2312"]
[BlackElo "2045"]
[PlyCount "55"]
[EventDate "2020.??.??"]

1. e4 e6 2. d4 d5 3. Nc3 dxe4 4. Nxe4 Nf6 5. Bd3 Bd7 6. Nf3 Bc6 7. Ng3 Nbd7 8.
O-O Be7 9. Qe2 O-O 10. Bd2 Re8 11. Rad1 a6 12. Bc1 b5 13. Ne5 Nxe5 14. dxe5 Nd5
15. Ne4 Qc8 16. Qh5 g6 17. Qh6 Bf8 18. Qh4 Rd8 19. Bg5 Rd7 20. Rfe1 h6 21. Bxh6
Bxh6 22. Qxh6 Qf8 23. Qh4 Qg7 24. c4 bxc4 25. Bxc4 Kf8 26. Bxd5 Rxd5 27. Nf6
Ra5 28. Qb4+ 1-0

[Event "FB1 1920 Rodewischer Schachmiezen - TuR"]
[Site "?"]
[Date "2020.02.15"]
[Round "7.5"]
[White "Koehler, Inken"]
[Black "Korenova, Martina"]
[Result "0-1"]
[WhiteElo "1962"]
[BlackElo "2154"]
[PlyCount "70"]
[EventDate "2020.??.??"]

1. c4 g6 2. g3 Bg7 3. Bg2 e5 4. Nc3 f5 5. d3 Nf6 6. e4 fxe4 7. dxe4 d6 8. Nge2
Be6 9. b3 Qd7 10. O-O Bh3 11. Nd5 Bxg2 12. Nxf6+ Bxf6 13. Kxg2 h5 14. h4 Nc6
15. Nc3 Nd4 16. Nd5 Bg7 17. Be3 c6 18. Nf4 exf4 19. Bxd4 O-O-O 20. Bxg7 Qxg7
21. Qf3 Rhf8 22. gxf4 Qh6 23. Kg3 Rf6 24. Qe3 Rdf8 25. f5 Qg7 26. Qg5 Qf7 27.
Kh2 gxf5 28. Qg2 fxe4 29. Rae1 Rf3 30. Kh1 Qe6 31. Re3 R8f4 32. Rxf3 exf3 33.
Qg3 Rg4 34. Qxf3 Rxh4+ 35. Kg2 Qg6+ 0-1

[Event "FB1 1920 Rodewischer Schachmiezen - TuR"]
[Site "?"]
[Date "2020.02.15"]
[Round "7.6"]
[White "Kubikova, Hana"]
[Black "Rosmait, Emily"]
[Result "1/2-1/2"]
[WhiteElo "2059"]
[BlackElo "1894"]
[PlyCount "67"]
[EventDate "2020.??.??"]

1. d4 Nf6 2. Nf3 e6 3. c4 d5 4. g3 Bb4+ 5. Nbd2 O-O 6. Bg2 b6 7. O-O Bb7 8. a3
Be7 9. Qc2 a5 10. Ne5 c5 11. dxc5 bxc5 12. b3 Nbd7 13. Bb2 Rc8 14. Nxd7 Nxd7
15. Rad1 Qc7 16. cxd5 exd5 17. e4 d4 18. f4 Nf6 19. Nc4 Rfd8 20. Bc1 Ra8 21.
Rfe1 Bc6 22. a4 Qb7 23. Ne5 Be8 24. Bd2 Bf8 25. Rb1 Ra7 26. Nc4 Qc7 27. Qd3 Bc6
28. Ne5 Ba8 29. Rbc1 Rb8 30. Nc4 Re8 31. Na3 Qb6 32. Nc4 Qc7 33. Na3 Qb6 34.
Nc4 1/2-1/2

[Event "FB1 1920 SV Weißblau Allianz Leipzig -"]
[Site "?"]
[Date "2020.02.15"]
[Round "7.1"]
[White "Papp, Sarah"]
[Black "Cyfka, Karina"]
[Result "0-1"]
[WhiteElo "2316"]
[BlackElo "2409"]
[PlyCount "86"]
[EventDate "2020.??.??"]

1. e4 e5 2. Bc4 Nc6 3. Nf3 Bc5 4. d3 Nf6 5. a4 a6 6. a5 h6 7. Nbd2 O-O 8. O-O
d6 9. c3 Ba7 10. Qb3 Ne7 11. d4 Ng6 12. h3 Nh5 13. Re1 Qf6 14. Bf1 Nhf4 15. Ra4
Ne6 16. Qc2 Bd7 17. Ra3 exd4 18. cxd4 Nxd4 19. Nxd4 Bxd4 20. Rf3 Qd8 21. Rd3
Bf6 22. Nc4 Bc6 23. e5 Re8 24. f4 Qc8 25. exf6 Rxe1 26. Rg3 Qe6 27. f5 Be4 28.
fxe6 Bxc2 29. exf7+ Kxf7 30. Bd2 Ra1 31. Bc3 gxf6 32. Kf2 d5 33. Ne3 Be4 34.
Ng4 Ke6 35. Nxh6 c5 36. Be2 d4 37. Bd2 Ne5 38. Rb3 c4 39. Rb6+ Bc6 40. g4 Rh1
41. Nf5 Rd8 42. Bf4 d3 43. Bxe5 Kxe5 0-1

[Event "FB1 1920 SV Weißblau Allianz Leipzig -"]
[Site "?"]
[Date "2020.02.15"]
[Round "7.2"]
[White "Kulon, Klaudia"]
[Black "Osmanodja, Filiz"]
[Result "0-1"]
[WhiteElo "2335"]
[BlackElo "2282"]
[PlyCount "88"]
[EventDate "2020.??.??"]

1. c4 e6 2. g3 d5 3. Bg2 dxc4 4. Nf3 a6 5. a4 Nc6 6. Na3 Na5 7. Ne5 Qd4 8. f4
f6 9. e3 Qc5 10. d4 cxd3 11. Nxd3 Qb6 12. Bd2 Bxa3 13. Qh5+ g6 14. Qxa5 Qxa5
15. Bxa5 Bd6 16. Rc1 Kd8 17. O-O Rb8 18. Rfd1 b6 19. Nb4 Ne7 20. Nc6+ Nxc6 21.
Bc3 Ne7 22. Bxf6 Rf8 23. Be5 Bd7 24. Bxd6 cxd6 25. Rxd6 Nf5 26. Rd3 Rf7 27. g4
Ng7 28. b3 Rc8 29. Rcd1 Rc5 30. a5 bxa5 31. Rd6 Ke8 32. Rxa6 Kf8 33. Kf2 e5 34.
Kg3 exf4+ 35. exf4 Rc3+ 36. Kh4 Rc2 37. Kg3 Rc3+ 38. Kh4 Rc2 39. Kg3 Re7 40.
Rd3 Bb5 41. Rd8+ Ne8 42. Rxa5 Re3+ 43. Kh4 Rxg2 44. Rxb5 h6 0-1

[Event "FB1 1920 SV Weißblau Allianz Leipzig -"]
[Site "?"]
[Date "2020.02.15"]
[Round "7.3"]
[White "Fuchs, Judith"]
[Black "Jaracz, Barbara"]
[Result "0-1"]
[WhiteElo "2239"]
[BlackElo "2200"]
[PlyCount "60"]
[EventDate "2020.??.??"]

1. d4 Nf6 2. Bf4 g6 3. Nc3 d5 4. Qd2 Bg7 5. Bh6 O-O 6. Bxg7 Kxg7 7. O-O-O c5 8.
e3 c4 9. e4 b5 10. e5 Ng8 11. Nxb5 Nc6 12. Ne2 Rb8 13. Nbc3 Qa5 14. Ng3 f6 15.
f4 Nh6 16. b3 Nf5 17. Nxf5+ Bxf5 18. Kb2 Nb4 19. Rc1 Nxa2 20. Ra1 Qxc3+ 21.
Qxc3 Nxc3 22. exf6+ Rxf6 23. Kxc3 cxb3 24. Bd3 Bxd3 25. Kxd3 b2 26. Rab1 a5 27.
Rhe1 a4 28. c3 a3 29. Kc2 Kf7 30. g3 Rfb6 0-1

[Event "FB1 1920 SV Weißblau Allianz Leipzig -"]
[Site "?"]
[Date "2020.02.15"]
[Round "7.4"]
[White "Von Herman, Brigitte"]
[Black "Baciu, Diana"]
[Result "0-1"]
[WhiteElo "2097"]
[BlackElo "2267"]
[PlyCount "50"]
[EventDate "2020.??.??"]

1. e4 e6 2. d4 d5 3. Nc3 Bb4 4. exd5 exd5 5. Bd3 Nc6 6. a3 Bxc3+ 7. bxc3 Nge7
8. Qf3 Be6 9. Rb1 b6 10. Ne2 Qd7 11. Ng3 O-O 12. h3 Na5 13. O-O Nc4 14. Qh5 f5
15. Re1 Rae8 16. a4 Nd6 17. f3 Ng6 18. Bd2 a5 19. Ra1 Nc4 20. Bc1 f4 21. Ne2
Bf5 22. Bxf5 Rxf5 23. Qg4 Qf7 24. h4 h5 25. Qh3 Rf6 0-1

[Event "FB1 1920 SV Weißblau Allianz Leipzig -"]
[Site "?"]
[Date "2020.02.15"]
[Round "7.5"]
[White "Rogozenco, Teodora"]
[Black "Schulz, Petra"]
[Result "1/2-1/2"]
[WhiteElo "1988"]
[BlackElo "2044"]
[PlyCount "87"]
[EventDate "2020.??.??"]

1. d4 Nf6 2. Nf3 g6 3. Bg5 Bg7 4. Nbd2 h6 5. Bf4 g5 6. Bg3 d6 7. e4 Nh5 8. c3
Nxg3 9. hxg3 Bg4 10. Bc4 e6 11. Qb3 Bxf3 12. Nxf3 b6 13. d5 e5 14. Bb5+ Kf8 15.
Qa4 a6 16. Nh2 Qc8 17. Be2 Qe8 18. Qc4 Ra7 19. Ng4 Nd7 20. b4 b5 21. Qd3 f5 22.
exf5 e4 23. Qe3 Ra8 24. a4 h5 25. f6 Nxf6 26. Nxf6 Bxf6 27. axb5 axb5 28. Rxa8
Qxa8 29. O-O Qxd5 30. f3 Kg7 31. fxe4 Qe5 32. Rf5 Qxc3 33. Rxg5+ Kf7 34. Qxc3
Bxc3 35. Rxb5 Kg6 36. Rb7 Bd4+ 37. Kh2 Bb6 38. g4 hxg4+ 39. Kg3 Kf6 40. Bxg4
Ke5 41. Bf5 Kd4 42. Kf4 Kc4 43. e5 dxe5+ 44. Kxe5 1/2-1/2

[Event "FB1 1920 SV Weißblau Allianz Leipzig -"]
[Site "?"]
[Date "2020.02.15"]
[Round "7.6"]
[White "Just, Anita"]
[Black "Schmidt, Jade"]
[Result "1/2-1/2"]
[WhiteElo "1902"]
[BlackElo "2038"]
[PlyCount "113"]
[EventDate "2020.??.??"]

1. e4 c5 2. Nf3 d6 3. d4 cxd4 4. Nxd4 Nf6 5. Nc3 Nc6 6. Bg5 e6 7. Qd2 a6 8.
O-O-O Bd7 9. f3 Be7 10. g4 h5 11. Be2 b5 12. Nxc6 Bxc6 13. Bxf6 gxf6 14. Bd3
hxg4 15. fxg4 f5 16. Qg2 fxg4 17. Qxg4 Qb6 18. Qg7 Qe3+ 19. Kb1 Qh6 20. Qd4 Qh5
21. Ne2 Qe5 22. Rdf1 f5 23. Qxe5 dxe5 24. Ng3 f4 25. Ne2 Rh3 26. Nc3 Bc5 27.
Nd1 Ke7 28. Nf2 Bxf2 29. Rxf2 Rah8 30. Kc1 Re3 31. Kd2 Bxe4 32. Bxe4 Rxe4 33.
Rg1 Rd8+ 34. Kc1 Re3 35. b3 f3 36. h4 Kf6 37. h5 Kf5 38. h6 Rh8 39. Kd2 Re2+
40. Rxe2 fxe2 41. Rh1 Kg6 42. Kxe2 Kh7 43. Ke3 Rc8 44. Rh2 b4 45. Ke4 Rc5 46.
Rh5 Rxc2 47. Rxe5 Rxa2 48. Kd3 Kxh6 49. Rxe6+ Kg5 50. Kc4 a5 51. Kb5 Ra3 52.
Kc4 Kf4 53. Re8 Kf3 54. Re5 Kf4 55. Re8 Ra2 56. Kb5 Ra3 57. Kc4 1/2-1/2

[Event "FB1 1920 SK Lehrte - SK Schwäbisch Hal"]
[Site "?"]
[Date "2020.02.15"]
[Round "7.1"]
[White "Javakhishvili, Lela"]
[Black "Sieber, Fiona"]
[Result "1-0"]
[WhiteElo "2463"]
[BlackElo "2202"]
[PlyCount "87"]
[EventDate "2020.??.??"]

1. Nf3 Nf6 2. c4 g6 3. Nc3 d5 4. cxd5 Nxd5 5. h4 Bg7 6. e4 Nb6 7. d4 Bg4 8. Be3
Nc6 9. d5 Ne5 10. Be2 Bxf3 11. gxf3 O-O 12. h5 c6 13. hxg6 fxg6 14. f4 Nec4 15.
Qb3 Nxe3 16. fxe3 cxd5 17. Rd1 e6 18. a4 Rc8 19. exd5 Bxc3+ 20. bxc3 exd5 21.
a5 Nc4 22. Bxc4 Rxc4 23. Qxb7 Rf7 24. Qxd5 Qxd5 25. Rxd5 Rxc3 26. Kd2 Ra3 27.
Rc1 Re7 28. Re1 Rb7 29. Ke2 Kf7 30. Red1 Re7 31. R1d3 Ra4 32. Kf3 h5 33. Rg5
Rae4 34. Ra3 Kf6 35. a6 h4 36. Rg4 R4e6 37. Rxh4 Rb6 38. e4 Ree6 39. Rh7 Re7
40. e5+ Ke6 41. f5+ gxf5 42. Rh6+ Kxe5 43. Rxb6 axb6 44. Re3+ 1-0

[Event "FB1 1920 SK Lehrte - SK Schwäbisch Hal"]
[Site "?"]
[Date "2020.02.15"]
[Round "7.2"]
[White "Newrkla, Katharina"]
[Black "Milliet, Sophie"]
[Result "0-1"]
[WhiteElo "2239"]
[BlackElo "2385"]
[PlyCount "102"]
[EventDate "2020.??.??"]

1. d4 Nf6 2. Bg5 d5 3. Bxf6 gxf6 4. c4 dxc4 5. e3 c5 6. d5 Bg7 7. Bxc4 f5 8.
Nc3 O-O 9. Nge2 Nd7 10. Ng3 Nb6 11. Qb3 Nxc4 12. Qxc4 Qb6 13. Rb1 Qg6 14. O-O
b6 15. Nce2 a5 16. Nf4 Qd6 17. Qc2 Qe5 18. a4 Rd8 19. Rfd1 Rd6 20. Nf1 Bb7 21.
Nd2 Bxd5 22. Nxd5 Rxd5 23. Nc4 Rxd1+ 24. Rxd1 Qe6 25. f4 Bf6 26. Qd3 Rb8 27.
Qd5 Qxd5 28. Rxd5 b5 29. axb5 Rxb5 30. Rd2 a4 31. Kf2 Rb4 32. Rc2 Kf8 33. h3 h5
34. g4 hxg4 35. hxg4 fxg4 36. Kg3 Ke8 37. Kxg4 Kd7 38. Kf3 Kc6 39. Ke2 Kd5 40.
Kd3 Rb3+ 41. Ke2 Rb4 42. Kd3 Rb3+ 43. Ke2 Bc3 44. Nd2 Bxd2 45. Kxd2 c4 46. Ke2
c3 47. bxc3 Kc4 48. Rd2 a3 49. Rd7 Rb2+ 50. Kf3 a2 51. Ra7 Kxc3 0-1

[Event "FB1 1920 SK Lehrte - SK Schwäbisch Hal"]
[Site "?"]
[Date "2020.02.15"]
[Round "7.3"]
[White "Mkrtchian, Lilit"]
[Black "Duessler, Stefanie"]
[Result "1-0"]
[WhiteElo "2399"]
[BlackElo "2112"]
[PlyCount "97"]
[EventDate "2020.??.??"]

1. c4 g6 2. g3 Bg7 3. Bg2 c5 4. Nc3 Nc6 5. d3 d6 6. Qd2 e5 7. b3 Nge7 8. Bb2
O-O 9. e3 a6 10. Nge2 Be6 11. Nd5 Rb8 12. O-O b5 13. h3 Qd7 14. Kh2 Nf5 15.
Rae1 f6 16. Nec3 b4 17. Ne2 Nce7 18. Nxe7+ Nxe7 19. d4 cxd4 20. exd4 f5 21.
dxe5 dxe5 22. Qxd7 Bxd7 23. Rd1 Rfd8 24. Rd6 Bc6 25. Rfd1 Rxd6 26. Rxd6 Rc8 27.
Bxc6 Rxc6 28. Rd7 Re6 29. Kg2 Bh6 30. Nc1 e4 31. Ne2 e3 32. f4 Bf8 33. Kf3 Nc6
34. Rd5 Bg7 35. Bc1 Nd4+ 36. Rxd4 Bxd4 37. Nxd4 e2 38. Nxe2 Kf7 39. Be3 Ke8 40.
Nd4 Rd6 41. Ke2 Kd7 42. Kd3 a5 43. c5 Ra6 44. Kc4 Ra8 45. Kd5 a4 46. c6+ Kc8
47. Nb5 axb3 48. axb3 Ra2 49. Bb6 1-0

[Event "FB1 1920 SK Lehrte - SK Schwäbisch Hal"]
[Site "?"]
[Date "2020.02.15"]
[Round "7.4"]
[White "Zschischang, Marine"]
[Black "Badelka, Olga"]
[Result "0-1"]
[WhiteElo "2074"]
[BlackElo "2404"]
[PlyCount "92"]
[EventDate "2020.??.??"]

1. d4 Nf6 2. Nf3 c5 3. e3 g6 4. Nbd2 Bg7 5. c3 b6 6. e4 Bb7 7. Bd3 d6 8. O-O
O-O 9. Re1 Nfd7 10. Nf1 cxd4 11. cxd4 Nc6 12. Be3 Nb4 13. Bb1 Rc8 14. Qd2 Nc6
15. Bh6 e5 16. Bxg7 Kxg7 17. a3 exd4 18. Nxd4 Nxd4 19. Qxd4+ Qf6 20. Qxf6+ Kxf6
21. f3 d5 22. exd5 Bxd5 23. Ne3 Bb3 24. Ba2 Bxa2 25. Rxa2 Rfd8 26. Rd1 Ne5 27.
Rxd8 Rxd8 28. b4 Rd3 29. Kf2 Rb3 30. Ke2 Ke6 31. f4 Nc6 32. Kd2 Nd4 33. Nd1 Kd5
34. Ra1 f5 35. Rc1 Rxa3 36. Rc7 Nb5 37. Rxh7 Ke4 38. g3 Ra2+ 39. Kc1 Kd3 40.
Rd7+ Kc4 41. Ne3+ Kb3 42. Nd5 Rxh2 43. Rg7 Nd4 44. Rxa7 Nf3 45. Ne3 Re2 46. Nd1
Rc2+ 0-1

[Event "FB1 1920 SK Lehrte - SK Schwäbisch Hal"]
[Site "?"]
[Date "2020.02.15"]
[Round "7.5"]
[White "Guramishvili, Sopiko"]
[Black "Manusina, Nicole"]
[Result "1-0"]
[WhiteElo "2381"]
[BlackElo "1990"]
[PlyCount "73"]
[EventDate "2020.??.??"]

1. d4 d5 2. Bf4 Nf6 3. e3 e6 4. Nd2 Bd6 5. Bg3 O-O 6. Ngf3 b6 7. Bd3 Bb7 8. c3
Ne4 9. Bh4 Be7 10. Bxe7 Qxe7 11. Qc2 f5 12. Ne5 Nd7 13. Nxd7 Qxd7 14. Bxe4 dxe4
15. Nc4 Kh8 16. Ne5 Qe7 17. f4 c5 18. O-O-O b5 19. dxc5 Qxc5 20. Rd4 Bd5 21.
Nd7 Qc7 22. Nxf8 Rxf8 23. b3 Rc8 24. Kd2 g5 25. g3 gxf4 26. gxf4 Qg7 27. Kc1
Qg4 28. Kb1 Rg8 29. Rdd1 h5 30. Qd2 Kh7 31. Qd4 Qg7 32. Qxg7+ Rxg7 33. Rhg1 Rc7
34. Kb2 a5 35. Rg5 Kh6 36. Rdg1 Rd7 37. R1g3 1-0

[Event "FB1 1920 SK Lehrte - SK Schwäbisch Hal"]
[Site "?"]
[Date "2020.02.15"]
[Round "7.6"]
[White "Boehm, Jana"]
[Black "Ambartsumova, Karina"]
[Result "0-1"]
[WhiteElo "1996"]
[BlackElo "2361"]
[PlyCount "116"]
[EventDate "2020.??.??"]

1. e4 c5 2. Nf3 e6 3. d4 cxd4 4. Nxd4 a6 5. Nc3 b5 6. Bd3 Qb6 7. Nb3 Qc7 8. O-O
Bb7 9. a3 Nf6 10. Qe2 d6 11. f4 Nc6 12. Be3 Be7 13. Rad1 O-O 14. Bf2 Rfe8 15.
Kh1 Bf8 16. Bh4 Nd7 17. Qg4 g6 18. Qg3 b4 19. axb4 Nxb4 20. f5 Nxd3 21. cxd3
Bg7 22. f6 Bf8 23. Nd2 Qb6 24. Nc4 Qb4 25. Na2 Qc5 26. b4 Qd4 27. Bg5 Qa7 28.
Nxd6 Red8 29. Nxb7 Qxb7 30. Qh4 Qb5 31. d4 Nb6 32. e5 h5 33. Qf4 Nd5 34. Qd2
Nxb4 35. Nc3 Qe8 36. Rf3 Nc6 37. Qf4 Rac8 38. Rg3 Nb4 39. Rf1 Rxc3 40. Rxc3 Nd5
41. Qc1 Nxc3 42. Qxc3 Qb5 43. Ra1 Bb4 44. Qe3 Qc4 45. h3 Qxd4 46. Qxd4 Rxd4 47.
Rxa6 Rd1+ 48. Kh2 Bc3 49. Ra8+ Kh7 50. Bf4 Rf1 51. Kg3 Be1+ 52. Kh2 Rxf4 53.
Ra7 h4 54. Rxf7+ Kh6 55. Kg1 Bf2+ 56. Kh1 Bg3 57. Kg1 Re4 58. Kf1 Re1# 0-1

[Event "FB1 1920 SV Medizin Erfurt - Schachfreu"]
[Site "?"]
[Date "2020.02.15"]
[Round "7.1"]
[White "Michna, Marta"]
[Black "Ratay, Meike"]
[Result "1-0"]
[WhiteElo "2359"]
[BlackElo "1973"]
[PlyCount "77"]
[EventDate "2020.??.??"]

1. d4 Nf6 2. c3 d5 3. Bf4 e6 4. e3 Bd6 5. Nd2 O-O 6. Bd3 c5 7. Bg3 Nc6 8. Ngf3
b6 9. Ne5 Bb7 10. O-O Qc7 11. f4 Ne7 12. Qf3 Nf5 13. Bf2 Be7 14. Rad1 Nd6 15.
Qh3 Nfe4 16. dxc5 bxc5 17. c4 Rad8 18. b3 Bf6 19. Ng4 Bc3 20. Nf3 f5 21. Nge5
Nxf2 22. Rxf2 Rf6 23. cxd5 Bxd5 24. Rc2 Bb4 25. g3 Bxf3 26. Nxf3 Ne4 27. Qf1
Nc3 28. Rdc1 Nd5 29. Qe2 Qb6 30. Ne5 Qb7 31. e4 Nb6 32. exf5 exf5 33. Bc4+ Nxc4
34. Nxc4 Qa6 35. Rd1 Rxd1+ 36. Qxd1 Rf8 37. Qd5+ Kh8 38. a3 Bxa3 39. Ra2 1-0

[Event "FB1 1920 SV Medizin Erfurt - Schachfreu"]
[Site "?"]
[Date "2020.02.15"]
[Round "7.2"]
[White "Nguyen, Ha Thanh"]
[Black "Shvayger, Yuliya"]
[Result "0-1"]
[WhiteElo "2019"]
[BlackElo "2337"]
[PlyCount "98"]
[EventDate "2020.??.??"]

1. e4 c5 2. Nf3 Nc6 3. d4 cxd4 4. Nxd4 e5 5. Nb5 d6 6. N1c3 a6 7. Na3 b5 8. Nd5
Nge7 9. c4 Nxd5 10. exd5 Nd4 11. cxb5 Bd7 12. Be3 axb5 13. Bxd4 exd4 14. Qxd4
Be7 15. Qd2 O-O 16. Be2 Bg5 17. f4 Bf6 18. O-O Ra4 19. Rfd1 Qb6+ 20. Kh1 Rd4
21. Qc2 Rxf4 22. Rf1 Rxf1+ 23. Rxf1 Be5 24. Qb3 Rb8 25. Nc2 g6 26. Nb4 Kg7 27.
Nc6 Rb7 28. Bf3 Be8 29. Qc2 f6 30. b3 b4 31. Qf2 Bf7 32. Qd2 Qb5 33. Rd1 Bc3
34. Qe3 Qb6 35. Qd3 Qf2 36. Qe2 Qxe2 37. Bxe2 f5 38. Kg1 Rb6 39. Bc4 Be8 40.
Nd8 Rb8 41. Ne6+ Kf6 42. Nc7 Bd7 43. Rc1 Rc8 44. Na6 Bb5 45. Kf1 Rxc4 46. bxc4
Bxc4+ 47. Kf2 Bxa6 48. Ke3 Ke5 49. a3 Bd4+ 0-1

[Event "FB1 1920 SV Medizin Erfurt - Schachfreu"]
[Site "?"]
[Date "2020.02.15"]
[Round "7.3"]
[White "Koepke, Elena"]
[Black "Reuter, Elisa"]
[Result "1-0"]
[WhiteElo "2280"]
[BlackElo "1886"]
[PlyCount "91"]
[EventDate "2020.??.??"]

1. e4 c5 2. Nf3 Nc6 3. Bb5 g6 4. Bxc6 dxc6 5. d3 Bg7 6. Nc3 e5 7. h3 Qe7 8. Be3
Nf6 9. Qd2 O-O 10. Bh6 Re8 11. Bxg7 Kxg7 12. g4 h5 13. O-O-O Bd7 14. Rdg1 Rh8
15. g5 Ne8 16. Nh4 Be6 17. f4 exf4 18. Qxf4 Qc7 19. Qe3 Qd6 20. Rf1 Qd4 21. Qf4
Rf8 22. Nf3 Qd8 23. Qe5+ Kg8 24. Qxc5 Qb6 25. Qxb6 axb6 26. a3 Nd6 27. Nd4 Bd7
28. Rf6 Ne8 29. Rf3 Nc7 30. Rhf1 Ra5 31. h4 c5 32. Nb3 Ra6 33. Nd5 Nxd5 34.
exd5 Raa8 35. Nd2 Bf5 36. Nc4 Rad8 37. Ne3 Bc8 38. Rf6 b5 39. Kd2 Rd7 40. Rb6
Re8 41. Rxb5 Rde7 42. Rf3 Bg4 43. Rg3 Rc7 44. d6 Rd7 45. Nxg4 hxg4 46. Rxc5 1-0

[Event "FB1 1920 SV Medizin Erfurt - Schachfreu"]
[Site "?"]
[Date "2020.02.15"]
[Round "7.4"]
[White "Mueller-Ludwig, Kristin"]
[Black "Agrest, Inna"]
[Result "1/2-1/2"]
[WhiteElo "2055"]
[BlackElo "2279"]
[PlyCount "120"]
[EventDate "2020.??.??"]

1. e4 e5 2. Nf3 Nc6 3. Bb5 a6 4. Ba4 Nf6 5. O-O Bc5 6. c3 b5 7. Bc2 d5 8. a4
dxe4 9. axb5 exf3 10. Qxf3 e4 11. Bxe4 Ne5 12. Qe2 O-O 13. d4 Bg4 14. Qc2 Nxe4
15. Qxe4 Nf3+ 16. gxf3 Bh3 17. dxc5 Bxf1 18. Kxf1 Qd1+ 19. Qe1 Qxf3 20. Be3
Rad8 21. Nd2 Qh3+ 22. Kg1 axb5 23. Qf1 Qh5 24. Qg2 f5 25. Bd4 g6 26. Re1 f4 27.
Qf3 Qg5+ 28. Kh1 Qf5 29. Re7 Rd7 30. Rxd7 Qxd7 31. Ne4 Qe6 32. Ng5 Qf5 33. Ne4
Qe6 34. c6 Qxc6 35. Ng5 Qxf3+ 36. Nxf3 h6 37. h4 Re8 38. Kg2 Re2 39. b4 Re6 40.
Be5 Re7 41. Bxf4 h5 42. Nd4 c6 43. Nxc6 Re4 44. Bg5 Rc4 45. Ne5 Rxc3 46. Nxg6
Rc4 47. Nf4 Rxb4 48. Nxh5 Kf7 49. Kf3 Kg6 50. Nf4+ Kf5 51. Nd5 Rb1 52. Ne3+ Kg6
53. Ke4 b4 54. Nc4 b3 55. Kd3 b2 56. Kc2 Rf1 57. Kxb2 Rxf2+ 58. Kc3 Kh5 59. Ne3
Rh2 60. Kd4 Rxh4+ 1/2-1/2

[Event "FB1 1920 SV Medizin Erfurt - Schachfreu"]
[Site "?"]
[Date "2020.02.15"]
[Round "7.5"]
[White "Klek, Hanna Marie"]
[Black "Umpfenbach, Carolin"]
[Result "1-0"]
[WhiteElo "2295"]
[BlackElo "2073"]
[PlyCount "67"]
[EventDate "2020.??.??"]

1. e4 b6 2. d4 Bb7 3. Nc3 e6 4. Bd3 Na6 5. Nf3 Nb4 6. Bc4 Nf6 7. a3 Nc6 8. e5
Ng8 9. O-O Qe7 10. b4 h6 11. d5 Nb8 12. Bb2 exd5 13. Nxd5 Bxd5 14. Qxd5 c6 15.
Qd3 b5 16. Bb3 Na6 17. Nd4 Nc7 18. Nf5 Qg5 19. f4 Qg6 20. Nd6+ Bxd6 21. f5 Bc5+
22. bxc5 Qg5 23. f6 gxf6 24. Bxf7+ Kxf7 25. Qxd7+ Kg6 26. Qxc7 Qe3+ 27. Kh1
Qxc5 28. Rf3 Ne7 29. Rg3+ Kh5 30. Qd7 f5 31. Qd1+ Kh4 32. Rh3+ Kg5 33. Qh5+ Kf4
34. Qh4# 1-0

[Event "FB1 1920 SV Medizin Erfurt - Schachfreu"]
[Site "?"]
[Date "2020.02.15"]
[Round "7.6"]
[White "Ulrich, Helena Irene"]
[Black "Straub, Natalia"]
[Result "0-1"]
[WhiteElo "1467"]
[BlackElo "2129"]
[PlyCount "40"]
[EventDate "2020.??.??"]

1. e4 g6 2. Nf3 Bg7 3. d4 c6 4. Be3 d6 5. c4 Nf6 6. Nc3 O-O 7. Bd3 Nbd7 8. O-O
e5 9. dxe5 dxe5 10. Qe2 Qe7 11. Rfd1 Nh5 12. Rab1 Nf4 13. Qd2 Ne6 14. Be2 Re8
15. b4 f5 16. Qd6 Qxd6 17. Rxd6 f4 18. Bc1 Nd4 19. Nxd4 exd4 20. Na4 Be5 0-1

[Event "FB1 1920 SV 1920 Hofheim - Karlsruher S"]
[Site "?"]
[Date "2020.02.15"]
[Round "7.1"]
[White "Schmidt, Jessica"]
[Black "Bluhm, Sonja Maria"]
[Result "0-1"]
[WhiteElo "2243"]
[BlackElo "2187"]
[PlyCount "82"]
[EventDate "2020.??.??"]

1. d4 Nf6 2. Nf3 g6 3. Bf4 Bg7 4. c3 O-O 5. e3 d6 6. h3 Nbd7 7. Be2 h6 8. O-O
Nh7 9. e4 e5 10. Bh2 Qe7 11. Nbd2 Re8 12. Qc2 Ng5 13. d5 Rf8 14. Nxg5 hxg5 15.
Bg4 Nf6 16. Bxc8 Raxc8 17. c4 g4 18. Qd3 Bh6 19. hxg4 Nxg4 20. Bg3 f5 21. exf5
gxf5 22. Rae1 Qh7 23. Re2 e4 24. Qc2 Bg5 25. Rfe1 Rf6 26. f3 e3 27. fxg4 exd2
28. Rxd2 Bxd2 29. Qxd2 fxg4 30. Qd4 Qf5 31. Bh4 Rf7 32. Re4 Rg7 33. Rf4 Qb1+
34. Kh2 g3+ 35. Bxg3 Qg6 36. Qf2 Re8 37. Bh4 Re4 38. g3 Rxf4 39. Qxf4 Rf7 40.
Qe3 Qc2+ 41. Kh3 Qf5+ 0-1

[Event "FB1 1920 SV 1920 Hofheim - Karlsruher S"]
[Site "?"]
[Date "2020.02.15"]
[Round "7.2"]
[White "Mar, Karmen"]
[Black "Kiefhaber, Veronika"]
[Result "1-0"]
[WhiteElo "2072"]
[BlackElo "2142"]
[PlyCount "81"]
[EventDate "2020.??.??"]

1. e4 c5 2. Nf3 g6 3. d4 cxd4 4. Qxd4 Nf6 5. e5 Nc6 6. Qa4 Nd5 7. c4 Nc7 8. Bf4
Bg7 9. Nc3 Ne6 10. Bg3 Nc5 11. Qa3 b6 12. Be2 O-O 13. O-O f6 14. exf6 Bxf6 15.
Nd5 Bb7 16. Nxf6+ exf6 17. Rfe1 Re8 18. Rad1 Re6 19. Bf1 Rxe1 20. Nxe1 Qe8 21.
Nf3 Qf7 22. h4 Re8 23. b4 Ne4 24. Bh2 Re7 25. c5 Kg7 26. h5 bxc5 27. bxc5 Qe6
28. hxg6 hxg6 29. Qb2 Ba8 30. a3 Qf5 31. Bd6 Re8 32. Bd3 Qg4 33. Bxe4 Rxe4 34.
Bg3 Ne7 35. Qd2 Bc6 36. Nd4 Nd5 37. Nxc6 dxc6 38. f3 Qxg3 39. fxe4 Ne3 40. Rb1
g5 41. Rb3 1-0